Statistics for Fußball Bundesliga 1 & 2

Click here to take the quiz!

General Stats

  • This quiz has been taken 2,937 times
  • The average score is 23 of 36

Answer Stats

1 Bundesliga% Correct
Bayern München
99%
Borussia Dortmund
98%
Hamburger SV
87%
Schalke 04
87%
Bayer Leverkusen
84%
Werder Bremen
82%
1. FC Köln
81%
Borussia Mönchengladbach
78%
Hertha BSC
78%
1. FC Union Berlin
77%
Eintracht Frankfurt
77%
VFB Stuttgart
77%
FSV Frankfurt
75%
VLF Wolfsburg
75%
SC Freiburg
73%
FC Augsburg
72%
1 FSV Mainz 05
68%
TSG 1899 Hoffenheim
66%
VfL Bochum
66%
1. FC Nürnberg
64%
Hannover 96
63%
SpVgg Greuther Fürth
59%
Arminia Bielefeld
57%
Fortuna Düsseldorf
57%
Dynamo Dresden
56%
1. FC Kaiserslautern
55%
FC St. Pauli
55%
1860 München
50%
Eintracht Braunschweig
49%
SC Paderborn 07
46%
FC Ingolstadt 04
41%
Karlsruher SC
39%
SV Sandhausen
37%
FC Erzgebirge Aue
34%
Energie Cottbus
23%
VfR Aalen
15%

Score Distribution

Percentile by Number Answered

Percent of People with Each Score

Your Score History

You have not taken this quiz